| 000 | 00738nam a2200229Ia 4500 | ||
|---|---|---|---|
| 003 | BUBTL | ||
| 008 | 151213s9999 xx 000 0 und d | ||
| 020 | _a9848430490 | ||
| 041 | _aBangla | ||
| 082 | _a346.03/ Si132t/ 2006 | ||
| 100 |
_aসিদ্দিক, এ. বি. _95242 |
||
| 245 |
_aটর্ট আইন : (ইকনোমিক টর্টসহ) / _cএ. বি. সিদ্দিক |
||
| 250 | _a7th edn. | ||
| 260 |
_aঢাকা _bকামরুল বুক হাউজ _cc2006 |
||
| 300 |
_a[xx], 188p. : _b20 cm. |
||
| 650 | _aLaw | ||
| 650 | _a | ||
| 700 |
_aএ. বি. সিদ্দিক _95243 |
||
| 856 |
_k0 _l0 _yDownload |
||
| 942 |
_2ddc _cBK |
||
| 999 |
_c3433 _d3433 |
||